Представление документа в формате RUSMARC

ПолеНазваниеЗначение
  Тип записи a
  Библиографический уровень m
001 Контрольный номер RU/ГПНТБ России/KNIGADB/83.3(2=411.2)/М 11-224082213
005 Дата корректировки 20260515120853.2
010 Индекс ISBN __
a ISBN 978-5-370-05385-6
b Уточнения в пер.
9 Тираж 27000 экз.
d Цена 496-43
100 Данные общей обработки __
a Данные общей обработки 20260507d2024 m y0rusy028902 ca
101 Язык документа 0_
a Язык текста rus
102 Страна публикации __
a Страна публикации RU
105 Кодированные данные (монография) __
a Кодированные данные (монография) a z 000yd
181 Поле кодированных данных: вид содержания _0
a Код вида содержания (ISBD) i
182 Поле кодированных данных: тип средства _0
a Код типа средства (ISBD) n
200 Заглавие и сведения об ответственности 1_
a Заглавие М. И. Цветаева и А. А. Ахматова. Две великие женщины русской поэзии
f Первые сведения об ответственности [редактор-составитель Наталья Лосева]
203 Вид содержания и тип средства __
c Тип средства непосредственный
a Вид содержания Текст
210 Выходные данные 1_
a Место издания Москва
c Издательство Омега-Л
d Дата издания 2024
215 Физическое описание __
a Объем 111 с.
c Иллюстрации/тип воспроизводства портр.
d Формат 27 см
225 Серия 2_
a Серия Великие имена
330 Аннотация __
a Аннотация "Великие имена" — это серия книг, благодаря которым читатель познакомится с биографиями самых ярких и известных деятелей России. Все самое главное о поэтах, писателях, музыкантах, ученых и политиках с мировым именем.
333 Примечание о целевом назначении __
a Примечание о целевом назначении 12+. Для детей старше 12 лет
517 Другие варианты заглавия 1_
a Другие варианты заглавия Две великие женщины русской поэзии
517 Другие варианты заглавия 1_
a Другие варианты заглавия 2 великие женщины русской поэзии
517 Другие варианты заглавия 1_
a Другие варианты заглавия Цветаева М. И. и Ахматова А. А.
600 Персоналии _1
a Персоналии (Фамилия) Цветаева
b Персоналии (Имя) М. И.
g Полное имя Марина Ивановна
f Даты 1892-1941
2 Код системы nlr_sh
600 Персоналии _1
a Персоналии (Фамилия) Ахматова
b Персоналии (Имя) А. А.
g Полное имя Анна Андреевна
f Даты 1889-1966
2 Код системы nlr_sh
606 Тематические рубрики __
2 Код системы nlr_sh
a Основная рубрика Литературоведение
606 Тематические рубрики __
2 Код системы nlr_sh
a Основная рубрика Русская литература XX в.
610 Ключевые слова 0_
a Ключевые слова русская литература
610 Ключевые слова 0_
a Ключевые слова поэзия
610 Ключевые слова 0_
a Ключевые слова Серебряный век
610 Ключевые слова 0_
a Ключевые слова поэты Серебряного века
610 Ключевые слова 0_
a Ключевые слова русские поэтессы
610 Ключевые слова 0_
a Ключевые слова биографии
610 Ключевые слова 0_
a Ключевые слова персоналии
686 Индексы других классификаций __
2 Код системы rubbks
a Классификационный индекс 83.3(2=411.2)6-8; ст83.3(2=411.2)6-8
702 Вторичная интеллектуальная ответственность _1
a Фамилия Лосева
b Имя Н. В.
g Полное личное имя Наталья Владимировна
4 Код отношения 220
4 Код отношения 340
801 Источник записи _0
b Организация ГПНТБ России
a Страна RU
c Дата составления 20260507
g Правила каталогизации PSBO
801 Источник записи _1
b Организация ГПНТБ России
a Страна RU
c Дата составления 20260507
g Правила каталогизации PSBO
852 Данные о местонахождении 5_
i Авторский знак Ц 27
j Шифр хранения 83.3(2=411.2)6-8
900 Макрообъекты __
a Макрообъекты М. И. Цветаева и А. А. Ахматова., 2024
901 Тип документа __
a Ответственный КиК/Обаева
t Тип документа m
901 Тип документа __
a Ответственный 6 партия
903 Характеристики (МАРС) __
a Дата передачи 20260507
c Наименование библиотеки (МАРС) Муниципальное бюджетное учреждение культуры "Централизованная библиотечная система" г. Сургут (Центральная городская библиотека им. А. С. Пушкина)
990 Данные о заказе (DOS) __
j Количество экземпляров (DOS) 3
t N записи в КСУ для И/У (DOS) 202606